000 00406nam a22001217a 4500
999 _c10264
_d10264
003 OSt
008 201218b ||||| |||| 00| 0 eng d
245 _aAbhigyan - Quest For Excellence
250 _a2018(Apr-Jun Vol.36 No.1, Jul-Sep Vol.36 No.2, Oct-Dec Vol.36 No.3)
260 _aNew Delhi
_bFoundation for Organizational Research and Education (FORE)
650 _aMechanical Engineering
942 _2ddc
_cBV